Astronomy with binoculars.

Bibliographic Details
Main Author: Muirden, James
Format: Book
Language:English
Published: Princeton, N.J. : Van Nostrand, [1964]
Subjects:

MARC

Tag First Indicator Second Indicator Subfields
LEADER 00000cam a2200000 4500
001 in00000053425
005 20151007070242.0
008 770812c19641963njuad 00000 eng
010 |a  64007427  
035 |a (OCoLC)03184308 
035 |9 AAE3651AM 
040 |a DLC  |c OCP  |d TXA  |d UtOrBLW 
049 |a TXAM  |c [401336] 
050 0 |a QB44  |b .M75 
082 0 |a 523 
092 |a 523  |b M953a, 1963 
100 1 |a Muirden, James. 
245 1 0 |a Astronomy with binoculars. 
264 1 |a Princeton, N.J. :  |b Van Nostrand,  |c [1964] 
264 4 |c [©1963] 
300 |a 145 pages :  |b illustrations, charts. ;  |c 23 cm. 
336 |a text  |b txt  |2 rdacontent 
337 |a unmediated  |b n  |2 rdamedia 
338 |a volume  |b nc  |2 rdacarrier 
650 0 |a Astronomy. 
999 |a MARS 
999 f f |s f3c0f390-8796-3420-a853-0a19cbdf02ed  |i de7fff37-0e19-3ace-b813-c2cd6b511188  |t 0 
952 f f |p ric  |a Texas A&M University  |b Rellis Campus  |c Joint Library Facility  |d Remote Storage  |t 0  |e QB44 .M75  |h Library of Congress classification  |i unmediated -- volume  |m A14800900192 
998 f f |a QB44 .M75  |t 0  |l Remote Storage